000 00431nam a2200157Ia 4500
008 230312s9999||||xx |||||||||||||| ||und||
020 _a0-07-238032-2
082 _a621.39732
_bRAZ-D
100 _aRazavi,Behzad
245 0 _aDesign of Analog CMOS Integrated Circuits
260 _bTata McGraw Hill
_aIndia
_c2008
300 _a684
546 _aEng.
650 _aEngineering
_vAnalog Design,Basic MOS Device Physics
942 _cBK
999 _c1188
_d1188